[Event "RUS-chT 12th"]
[Site "Sochi"]
[Date "2005.04.19"]
[Round "1"]
[White "Grischuk, Alexander"]
[Black "Svidler, Peter"]
[Result "1/2-1/2"]
[WhiteElo "2724"]
[BlackElo "2725"]
[Annotator "Avrukh,B"]
[PlyCount "59"]
[EventDate "2005.04.19"]
[EventType "team-tourn"]
[EventRounds "11"]
[EventCountry "RUS"]
[SourceTitle "EXT 2020"]
[Source "ChessBase"]
[SourceDate "2019.10.17"]
[SourceVersion "1"]
[SourceVersionDate "2019.10.17"]
[SourceQuality "1"]
[WhiteTeam "Sverdlovsk Ural region"]
[BlackTeam "Kazan Ladya"]
[WhiteTeamCountry "RUS"]
[BlackTeamCountry "RUS"]

1. d4 Nf6 2. c4 g6 3. Nc3 Bg7 4. e4 d6 5. Be2 O-O 6. Bg5 Na6 7. Qd2 c6 8. Nf3
e5 9. O-O exd4 10. Nxd4 Nc5 11. Qf4 ({Of course} 11. f3 $2 {is bad in view of
the typical blow} Nfxe4 $1 {[%csl Gg5][%cal Oe4d2,Gg7d4]}) 11... Qe7 {[%cal
Ge7e5] The pin along the h4-d8 diagonal is extremely annoying, so Peter
logically removes his Q from this dangerous zone.} 12. Rad1 Qe5 ({After} 12...
Ncxe4 13. Nxe4 Qxe4 14. Qxd6 {White has clearly better chances according to
the theory.}) 13. f3 Ne6 (13... Qxf4 14. Bxf4 Ne8 {looks a bit passive, though
Black has managed to equalise after} 15. Be3 a5 16. Nb3 Nxb3 17. axb3 f5 18.
exf5 Bxf5 19. Bd3 Rf7 20. Bxf5 gxf5 $11 {1/2-1/2 Moskalenko,V-Schlosser,M/
Groningen 1989/EXT 98 (50)}) 14. Nxe6 Bxe6 15. Kh1 $5 $146 (15. Qe3 Qa5 16.
Rxd6 Nd7 17. Rfd1 (17. f4 $5 {[%csl Ge5]}) 17... Nb6 18. c5 Na4 19. e5 Nxc3 20.
bxc3 Rfe8 21. f4 Qxa2 $13 {0-1 Palatnik,S-Gallagher,J/Baku 1988/CBM 010 (37)})
(15. Qh4 $5 {comes into consideration.}) 15... Rfe8 ({Premature would have been
} 15... Nd7 {in view of} 16. Qc1 $1 {[%csl Gd6]} (16. Rxd6 h6 $1) 16... Qa5 17.
Be7 Rfe8 18. Bxd6 $16) 16. Rxd6 {In my opinion this move is too soft and
significantly eases Black's task.} ({Keeping the queens on the board would
cost Black definite problems, for example :} 16. Qh4 $1 Nd7 17. f4 Qa5 18. Rxd6
Nb6 19. Bf6 $36) 16... Nd7 {I wouldn't say this move is a mistake, but much
easier would be} (16... Qxf4 17. Bxf4 Nh5 $1 18. Be3 Be5 19. Rdd1 (19. Rd2 Nf4)
19... Nf4 {with comfortable play in all lines :} 20. Bxf4 (20. b3 Nxg2 $1 21.
Kxg2 Bxc3 $11) 20... Bxf4 21. g3 Be5 $44 {[%csl Ge5,Ge6]}) 17. Qxe5 ({After} 
17. Rfd1 Nb6 (17... Qxf4 $143 $6 18. Bxf4 Ne5 19. c5 $16) 18. c5 (18. Qh4 Bxc4
19. f4 Qa5) 18... Qxf4 (18... Qxc5 19. Bf6 $36) 19. Bxf4 Bxc3 20. bxc3 Na4 21.
Be5 Nxc5 {we actually reach the position similiar to the game.}) 17... Bxe5 18.
Rd2 Nb6 19. c5 (19. f4 Bxc3 20. bxc3 Nxc4 $11) 19... Bxc3 20. bxc3 Na4 {
[%csl Gc3,Gc5]} 21. Bf6 Nxc5 22. Rfd1 {The arisen endgame looks very
attractive for White, it may seem that he has an obvious advantage, due to his
very strong dark-squared bishop and absolute control of d-file.Nonetheless
things are not that easy, Black is pretty solid. He is not afraid of getting
mated, like it would easily happen in the middlegame (with QQ).} (22. c4 Nd7
23. Bh4 f5 24. exf5 Bxf5 {and Black should be fine,due to White's poor bishop
on e2.}) 22... b5 $1 {Black has a clear plan of counterplay - pushing his
queenside pawns, which allows him to maintain the balance.} 23. g4 a5 24. Kg2 (
{The alternative would have been} 24. a3 {which stops Black's idea to push
further with b5-b4, but that is a clear drawback of White's last move - it
weakens the b3-square.} Bb3 25. Rb1 Be6 $1 {[%cal Gc5d7]} 26. Kg2 (26. Rbd1 $11
) 26... Nd7 27. g5 (27. Bg5 Ne5) (27. Bd4 Rad8 {[%cal Gd7e5]}) 27... Nxf6 28.
gxf6 Rad8 29. Rbd1 Rb8 $1 {[%cal Gc6c5,Gb5b4] and Black should be able to hold.
}) 24... b4 25. cxb4 (25. g5 b3 $1 26. Bd4 Nd7 27. axb3 Bxb3 28. Ra1 a4 $11)
25... axb4 $11 {[%csl Ga2]} 26. Rc1 Nd7 $1 {It is very important to drive away
the bishop from f6.} ({Less accurate would be} 26... Ra5 27. Bc4 Rea8 28. Rd6
$1 {[%csl Gc6]} Bxc4 $140 29. Rxc4 Rxa2+ 30. Kg3 Ne6 31. Rdxc6 $40 {[%csl Gg8]}
) 27. Ba1 c5 (27... Rec8 28. Bc4 Bxc4 29. Rxc4 c5 $11) 28. Bb5 (28. Bc4 Bxc4
29. Rxc4 Rec8 $1 {[%cal Gd7b6]} 30. Kg3 Nb6 31. Rc1 c4 32. Rd6 Rab8 33. Be5 Rb7
{should be equal as well.}) 28... Rec8 29. Bxd7 Rd8 30. Rxc5 ({After} 30. Rxc5
Rxd7 31. Rxd7 (31. Rdc2 Rda7) 31... Rxa2+ 32. Kg3 Bxd7 33. Bf6 Ra8 $11 {
the position is absolutely equal.}) 1/2-1/2

[Event "Biel GM"]
[Site "Biel"]
[Date "2005.07.19"]
[Round "3"]
[White "Pelletier, Yannick"]
[Black "Volokitin, Andrei"]
[Result "1/2-1/2"]
[WhiteElo "2603"]
[BlackElo "2671"]
[Annotator "Pelletier,Y"]
[PlyCount "58"]
[EventDate "2005.07.17"]
[EventType "tourn"]
[EventRounds "10"]
[EventCountry "SUI"]
[EventCategory "16"]
[SourceTitle "CBM 108"]
[Source "ChessBase"]
[SourceDate "2005.09.26"]
[SourceVersion "1"]
[SourceVersionDate "2005.09.26"]
[SourceQuality "1"]

1. d4 Nf6 2. c4 g6 3. Nc3 Bg7 4. e4 d6 5. Nf3 O-O 6. Be2 e5 7. O-O Na6 8. Re1
c6 9. Be3 {Ein seltener Zug.} Ng4 10. Bg5 Bf6 $146 (10... f6 {wurde u.a. in
der Schnellschachpartie Anand-Topalov, Monaco 1999, gesehen.}) 11. Bxf6 Qxf6
12. h3 (12. d5 Qe7) 12... exd4 13. Qxd4 Ne5 14. Rad1 $1 {Es galt, die folgende
Variante richtig einzuschätzen.} (14. Qe3 Nb4 15. Rac1 Nxf3+ $5 16. Bxf3 c5 17.
Red1 Nc6 18. Nb5 Rd8 $13) 14... Bxh3 15. Qxd6 Nxf3+ 16. Bxf3 Qg5 $2 ({
Volokitin versteht, dass das Endspiel nach} 16... Qxd6 17. Rxd6 Be6 18. Be2
Rfd8 19. e5 Rxd6 20. exd6 Rd8 21. Rd1 {schwierig ist. Trotzdem wäre das eine
objektiv bessere Wahl gewesen.}) 17. e5 $2 ({Der überraschende Zug} 17. Qh2 $1
{kam mir nicht einmal in den Sinn. Er verspricht Weiß aber eine klare
Überlegenheit, man sehe:} Be6 18. e5 {[%csl Gd6,Gf6][%cal Gc3e4]} f5 (18... Bf5
19. Be4 $16) 19. exf6 (19. Rd6 $16) 19... Qxf6 20. Ne4 $16) 17... Rad8 18. Ne4
Rxd6 19. Nxg5 Rxd1 20. Rxd1 Bf5 21. g4 $6 ({Riskant. Zu leichtem Remis führte} 
21. Be4 h6 22. Bxf5 hxg5 23. Bd7 Rd8 24. e6 Kf8 25. exf7 Nc5 26. Bg4 Rxd1+ 27.
Bxd1 a5 28. Bc2 Kxf7 29. Kh2 Nd7 $11) 21... Bc2 22. Rd2 h6 23. Nh3 ({Der
Springer steht plötzlich sehr dumm, aber Weiß verfügt über genug Spiel am
Damenflügel.} 23. Rxc2 hxg5 24. Rc3 Nc5 $15 {[%cal Gc5e6,Ge6f4]}) 23... Bb1 24.
b4 $1 Re8 25. a3 {[%csl Ra6,Rh3]} Kf8 26. Rd7 Re7 27. Rd8+ Re8 28. Rd7 (28.
Rxe8+ Kxe8 29. g5 h5 30. Nf4 Nb8 $11) 28... Re7 29. Rd8+ Re8 1/2-1/2

[Event "EU-chT (Men) 15th"]
[Site "Gothenburg"]
[Date "2005.07.31"]
[Round "2.3"]
[White "Gyimesi, Zoltan"]
[Black "Smirin, Ilia"]
[Result "1/2-1/2"]
[WhiteElo "2628"]
[BlackElo "2652"]
[Annotator "Mikhalevski,V"]
[PlyCount "125"]
[EventDate "2005.07.30"]
[EventType "team-swiss"]
[EventRounds "9"]
[EventCountry "SWE"]
[SourceTitle "CBM 109"]
[Source "ChessBase"]
[SourceDate "2005.11.14"]
[SourceVersion "1"]
[SourceVersionDate "2005.11.14"]
[SourceQuality "1"]
[WhiteTeam "Hungary"]
[BlackTeam "Israel"]
[WhiteTeamCountry "HUN"]
[BlackTeamCountry "ISR"]

1. d4 Nf6 2. c4 g6 3. Nc3 Bg7 4. e4 d6 5. Nf3 O-O 6. Be2 e5 7. O-O Nbd7 {
This move is situated in a shadow of its two big brothers 7...Nc6 and 7...Na6,
but it may also lead to very interesting and eventful play.} 8. Be3 Qe7 9. Qc2
c6 10. Rad1 {The most logical continuation.} ({A beautiful attack was
conducted by Shulman in the game Shulman,Y-Ginsburg,M, Continental Open 2001.} 
10. Rfe1 Ng4 11. Bg5 f6 12. Bh4 h5 13. h3 Nh6 14. Rad1 Nf7 15. Bg3 Kh7 (15...
g5) 16. Nh4 Bh6 17. f4 $1 exf4 18. e5 f5 19. Nxg6 $1 Kxg6 20. Qxf5+ $3 Kg7 21.
Bd3 Rh8 22. Qg6+ Kf8 23. e6 Rg8 24. Bh4 Rxg6 25. Bxe7+ Kxe7 26. exd7+ Re6 27.
dxc8=Q {and Black resigned in view of} Rxc8 28. Bf5 Rxe1+ 29. Rxe1+ {[%csl Rc8,
Re7]}) 10... h6 {[%csl Rg5][%cal Gf6g4] Usually this way Black prevents Bg5
and thus prepares Ng4.} 11. dxe5 dxe5 12. h3 {Similar positions with the queen
knight on a6 occur in the 7...Na6-line.} Re8 {A useful move. Black not only
frees the f8-square for his pieces, but also asks White to open his cards.} ({
Not less than 15 years ago Smirin played} 12... Kh7 {, but got outplayed.} 13.
Rfe1 Nc5 14. b4 Ne6 15. a3 Nh5 16. Bf1 Qc7 17. c5 Re8 18. Na4 Rd8 19. Rxd8 Qxd8
20. Rd1 Qf6 21. Rd6 Nhf4 22. Qd1 Bf8 23. Rd2 Nc7 24. Nb2 Be6 25. Nc4 $16 {
Tisdall,J-Smirin,I/Gausdal 1990. and Black eventually lost without any
counterplay.}) ({The immediate} 12... Nh5 {[%cal Gh5f4,Ge7f6] with the idea of
Nf4 followed by Qf6, which is Black's main idea in these positions, also
deserved attention.}) 13. Na4 $6 {[%csl Ra4][%cal Gc4c5,Gb2b4,Ga4b2,Gb2c4] Not
the best square for the knight, but the move in text has an idea behind it.
White has been preparing to take space on the queenside by means of c5 while
the knight may eventually go via b2 and c4 to d6.} ({One game saw} 13. a3 Nh5
14. Rfe1 Nf4 15. Bf1 Qf6 16. Nh2 Nf8 17. c5 N8e6 {Dziuba,M-Sergeev,V/Swidnica
2000. and Black obtained counterplay.}) (13. Rd2 {preparing the doubling of
rooks along the d-file looks more natural. F.e.} Nh5 14. Rfd1 Nf4 15. Bf1 $14 {
and} Qf6 $2 {is impossible in view of} 16. Rxd7) 13... Nh5 {[%cal Gh5f4]
Black's plan is obvious. The knight goes to f4.} 14. Rd2 {White decides to
allow the exchange of his light-squared bishop.} ({In case of} 14. Rfe1 Nf4 15.
Bf1 Qf6 {Black creates some pressure on the kingside.}) 14... Nf4 15. Rfd1
Nxe2+ 16. Rxe2 Nf8 {[%cal Gf8e6,Ge6f4] Another knight is going to f4.} 17. c5
Ne6 18. b4 Nf4 19. Bxf4 (19. Red2 Qf6 20. Bxf4 {allows Black to choose between}
Qxf4 ({and} 20... exf4)) 19... exf4 {[%csl Gc8,Gg7][%cal Gg6g5,Gh6h5,Gg5g4]
Black has won the opening fight. With two bishops and an option of attack on
the kingside by means of g5-g4 he is at least not worse.} 20. a3 {White has
been preparing a manoeuvre of the queen knight via b2 and c4 to d6.} ({The
immediate} 20. Nb2 {allows opening of the a-file for the black rook.} a5 21. a3
axb4 22. axb4 Ra3 $1 $15) 20... Be6 21. Nb2 Rad8 22. Red2 Rxd2 23. Rxd2 a5 $1 {
Black exchanges a potential weakness.} 24. Kh2 $6 axb4 25. axb4 g5 {It's time
for some action on the kingside.} 26. Nd4 g4 $1 $15 {[%csl Rh2] Suddenly the
king on h2 starts to feel unsafely.} 27. Nxe6 Qxe6 28. hxg4 Qxg4 {Threatening
f3.} 29. Qd3 Qg6 $1 {This direct attack of the e4-pawn is strong.} (29... Qh5+
{is less convincing.} 30. Qh3 Qxh3+ 31. Kxh3 Bxb2 32. Rxb2 Rxe4 33. Kg4 Kg7 34.
Kf5 {and activity of the king compensates a pawn.}) 30. Qf3 ({White can't
protect the e4-pawn as after} 30. f3 $2 Qg3+ 31. Kg1 Qe1+ 32. Kh2 Re5 {he gets
mated.}) 30... Bxb2 (30... Kh7 $1 {would be more precise since the e4-pawn is
anyway gone while Black wins a tempo for improving position of his king.} 31.
Re2 Bxb2 32. Rxb2 Qxe4 $15) 31. Rxb2 Qxe4 $15 {Black has won a pawn, but his
weak pawns on the kingside make a win a very difficult task.} 32. Qg4+ Kh7 33.
Rb3 Re6 (33... Re5 $5) 34. Qh4 Kg7 35. b5 $6 {White creates a problem to
himself.} cxb5 $5 ({Black could exchange one of his weak pawns for the c-pawn
also the following way:} 35... Qc2 $5 36. bxc6 $1 bxc6 (36... Qxb3 37. c7 Rc6
38. Qg4+ {with equality.}) 37. Rb4 Qxc5 38. Rxf4 $17) ({Also} 35... Rg6 {
allows to exchange a weak pawn on the kingside for the c-pawn, but this time
together with the queens which favours White.} 36. Qh3 Rg5 37. bxc6 bxc6 38.
Qf3 Qxf3 39. Rxf3 $15) 36. Rxb5 Rg6 37. Qh3 Qc6 38. Rb4 Qxc5 39. Rxf4 Qe5 $17 {
[%csl Rf4,Rh2] Black obtained a passed pawn on the b-file, but it's still far
from a win as his king doesn't have a safe refuge.} 40. Qf3 Rf6 41. Qg3+ Kh7
42. Rb4 Qh5+ 43. Qh3 Qd5 ({Probably Black had to agree with the exchange of
queens as it's almost impossible to advance the b-pawn while the queens are on
the board.} 43... Qxh3+) 44. Qb3 Qd6+ 45. Kg1 b6 46. Rg4 Qc5 47. Qd3+ Rf5 48.
Rd4 ({Of course not} 48. Rf4 $4 Qc1+ $19) 48... Kg7 49. Rg4+ Rg5 50. Rc4 Qd5
51. Qc3+ Qe5 52. Qc1 b5 53. Rb4 Qd5 54. Qa1+ Kg8 55. g3 Rh5 (55... Qf3 $5 56.
Rd4 Qf6 {[%csl Ra1,Rd4]}) 56. Rg4+ Kf8 {Black allows perpetual check, but it's
hardly possible to make any progress also after} (56... Rg5 57. Rb4) 57. Qa3+
Ke8 58. Rg8+ Kd7 59. Qa7+ Ke6 60. Qb6+ Ke7 (60... Qd6 $4 {loses to} 61. Re8+
Kd5 62. Qxb5+ Qc5 63. Qd3+ Kc6 64. Rc8+) 61. Qa7+ Kf6 (61... Qd7 {changes
nothing:} 62. Qe3+ Qe6 63. Qa7+) 62. Qb6+ Ke7 63. Qa7+ 1/2-1/2

[Event "EU-Cup 21st"]
[Site "Saint Vincent"]
[Date "2005.09.22"]
[Round "5.1"]
[White "Gelfand, Boris"]
[Black "Smirin, Ilia"]
[Result "1/2-1/2"]
[WhiteElo "2724"]
[BlackElo "2652"]
[Annotator "Gelfand,B"]
[PlyCount "66"]
[EventDate "2005.09.18"]
[EventType "team-swiss"]
[EventRounds "7"]
[EventCountry "ITA"]
[SourceTitle "CBM 110"]
[Source "ChessBase"]
[SourceDate "2006.01.31"]
[SourceVersion "1"]
[SourceVersionDate "2006.01.31"]
[SourceQuality "1"]
[WhiteTeam "Warsaw Polonia"]
[BlackTeam "Ashdod"]
[WhiteTeamCountry "POL"]
[BlackTeamCountry "ISR"]

1. d4 Nf6 2. c4 g6 3. Nc3 Bg7 4. e4 d6 5. Nf3 O-O 6. Be2 e5 7. Be3 Nbd7 8. O-O
Qe7 9. Qc2 c6 10. Rad1 h6 11. d5 c5 12. g3 $146 (12. Ne1) 12... Nh7 $1 13. Nh4
(13. Qd2 $5) 13... Ng5 14. Rb1 (14. Bg4 $6 h5 15. Be2 Nb6) (14. Ng2 Nb6 $13 (
14... Nf6 15. f3)) 14... Nf6 15. b4 $6 (15. f3 $142 Nh5 16. Ng2 (16. Rfe1 $5
Nf4 17. Bf1) 16... Bh3 (16... f5 17. exf5 gxf5 (17... Bxf5 18. Ne4) 18. f4 Nh3+
19. Kh1 Nf6 20. Nh4 $16) 17. Rbe1 $14) 15... cxb4 16. Rxb4 Ng4 17. Bxg4 (17.
Bd2 Nh3+ 18. Kg2 Nf4+ $15) 17... Bxg4 18. f3 Bh3 19. Rfb1 b6 20. a4 $2 (20. Nd1
$142 $1 Bd7 (20... f5 $2 21. Bxg5 Qxg5 22. Nf2 $18) 21. Nf2 Nh3+ 22. Nxh3 Bxh3
23. a4 $13) 20... f5 $3 (20... Rac8 21. a5 bxa5 22. Rb7 $36) 21. Nxg6 (21. a5
f4) (21. exf5 gxf5 22. a5 f4 (22... Qf6 23. axb6 axb6 24. Rxb6) (22... e4 23.
f4 Nf3+ 24. Nxf3 exf3 25. Bf2) 23. gxf4 exf4 24. Bf2 Bd7 $40) 21... Nxf3+ 22.
Kh1 Qf6 $2 (22... Qf7 $1 23. Nxf8 (23. exf5 Rfe8) 23... Rxf8 24. exf5 (24. a5
f4) (24. Qf2 Qh5) (24. R4b2 f4) 24... Bxf5 (24... Nd4 25. Bxd4 exd4 26. Ne4
Qxf5 27. Qd3 Bf1 (27... Bg4 28. R4b3) 28. Rxf1 Qxf1+ 29. Qxf1 Rxf1+ 30. Kg2 Re1
31. Kf3 $15) 25. Qe2 (25. Qg2 Qh5 $19) 25... Nd4 26. Bxd4 exd4 27. Nb5 d3 $19)
23. Nxf8 Rxf8 24. exf5 $6 (24. a5 f4) (24. Qf2 $1 Bg4 (24... fxe4 25. a5) 25.
h3 Qg6 26. hxg4 Qxg4 27. Kg2 $11) 24... Bxf5 $6 (24... Nd4 $1 25. Bxd4 (25. Qf2
Bxf5 26. g4 (26. Qg2 Nc2) (26. R4b2 Qg6 27. Qg2 Bxb1 28. Rxb1 Qd3) 26... Bxg4
27. Qxf6 Rxf6 $17) 25... exd4 26. Ne4 Qxf5 $15 {-22...Qf7}) 25. Qg2 Bxb1 26.
Rxb1 e4 (26... Qg6 27. Rf1 e4 28. Ne2 $13) 27. Nb5 $5 (27. Ne2 $15) 27... Qe7 (
27... Rf7 28. Bf4 Qg6 (28... Bf8 29. Qc2) 29. Qe2) 28. Qh3 $1 a6 29. Na3 Nd4 (
29... Ng5 30. Qg4) 30. Qg4 Nf5 (30... Kh8 31. Rd1 Nf5 32. Nc2) 31. Nc2 Qe5 $5
32. Bf4 (32. Bxb6 $6 e3 $17) (32. Qe2 Nxe3 (32... Qxg3 33. hxg3 Nxg3+ 34. Kg2
Nxe2 35. Rxb6) 33. Nxe3 Qc3 $11) 32... Qc3 33. Qe2 Re8 (33... Qf3+ 34. Qxf3
exf3 35. Rf1 Rc8 36. Na3 $11) (33... Re8 34. Ne3 (34. Qh5 Qf3+) 34... Nxe3 35.
Bxe3 Qd3 $11) 1/2-1/2